000 nam a22 a 4500
999 _c429482
_d429482
003 BLK
005 20210823110440.0
008 210413b bu |||||r|||| 00| | bu d
040 _aBLK
041 _aBUL
_cBUL
080 _aЛитература на отделни езици и езикови семейства
_b821
_x(075.2)
_z821(075.2)
100 _91299
_eпърви автор
139 _aХристоматия по изучаване на словесността
245 _aХристоматия по изучаване на словесността
_cОтр. за горните класове на гимназиите, пед. петокласните и дух. у-ща
_nТ. 2
_bЕпическа поезия
250 _a2 поп. доп. изд
260 _9209596
_aПловдив
_bХристо Г. Данов
_c1898
_n954-442-
300 _c24 см
380 _a80
490 _9435080
_aКолекция Редки и ценни издания
650 7 _9160477
_aЛитература
653 7 _9198099
_aтекстове
653 7 _9200246
_aхристоматии
760 _h561 с.
_oТ. 2 Епическа поезия
_tХристоматия по изучаване на словесността
852 _aРб 898
_bРц
942 _2udc
_cKNG
_n0
_s1
944 _aCR
_c2021-08-23
_kК.Д.